Data Pack E (Record no. 190896)
[ view plain ]
| 000 -LEADER | |
|---|---|
| fixed length control field | 00372 a2200145 4500 |
| 003 - CONTROL NUMBER IDENTIFIER | |
| control field | Nust |
| 005 - DATE AND TIME OF LATEST TRANSACTION | |
| control field | 20251008173217.0 |
| 040 ## - CATALOGING SOURCE | |
| Transcribing agency | Nust |
| 082 ## - DEWEY DECIMAL CLASSIFICATION NUMBER | |
| Classification number | 621,SEN |
| 100 ## - MAIN ENTRY--PERSONAL NAME | |
| Personal name | Sensors and Transducers |
| 9 (RLIN) | 131037 |
| 245 ## - TITLE STATEMENT | |
| Title | Data Pack E |
| Statement of responsibility, etc. | Sensors and Transducers |
| 260 ## - PUBLICATION, DISTRIBUTION, ETC. | |
| Place of publication, distribution, etc. | Northants |
| Name of publisher, distributor, etc. | Sensors and Transducers |
| Date of publication, distribution, etc. | 1994 |
| 538 ## - SYSTEM DETAILS NOTE | |
| System details note | Almirah No.29 Shelf No.5 |
| 942 ## - ADDED ENTRY ELEMENTS (KOHA) | |
| Source of classification or shelving scheme | |
| Koha item type | Book |
| Withdrawn status | Lost status | Source of classification or shelving scheme | Damaged status | Not for loan | Permanent Location | Current Location | Shelving location | Date acquired | Full call number | Barcode | Date last seen | Price effective from | Koha item type | Public note |
|---|---|---|---|---|---|---|---|---|---|---|---|---|---|---|
| Military College of Signals (MCS) | Military College of Signals (MCS) | General Stacks | 12/12/2016 | 621,SEN | MCS6012 | 12/08/2016 | 12/12/2016 | Book | Almirah No.76, Shelf No.2 |
